Pogoń Szczecin, jesień 2019/2020 - Statystyki

Ogólne statystyki
  • Ten quiz został rozwiązany 140 razy
  • Średni wynik to 15 z 31
Statystyki odpowiedzi
Pozycja Imię i Nazwisko % Poprawnych
Bramkarz Dante Stipica
89%
Napastnik Adam Buksa
81%
Obrońca Benedikt Zech
75%
Bramkarz Jakub Bursztyn
71%
Pomocnik Sebastian Kowalczyk
70%
Pomocnik Kamil Drygas
69%
Napastnik Adam Frączczak
68%
Pomocnik Zvonimir Kozulj
68%
Obrońca Hubert Matynia
65%
Obrońca Jakub Bartkowski
64%
Obrońca Mariusz Malec
57%
Pomocnik Tomas Podstawski
57%
Obrońca David Stec
53%
Pomocnik Kacper Kozłowski
53%
Obrońca Ricardo Nunes
51%
Obrońca Igor Łasicki
49%
Obrońca Konstantinos Triantafyllopoulos
48%
Napastnik Michalis Manias
45%
Napastnik Soufian Benyamina
45%
Pomocnik Marcin Listkowski
43%
Pomocnik Srdan Spiridonović
41%
Pomocnik Santeri Hostikka
36%
Napastnik Adrian Benedyczak
32%
Pomocnik Kacper Smoliński
32%
Pomocnik Maciej Żurawski
30%
Pomocnik Marcel Wędrychowski
26%
Napastnik Hubert Turski
25%
Pomocnik Iker Guarrotxena
23%
Bramkarz Jędrzej Grobelny
19%
Bramkarz Nikodem Sujecki
12%
Pomocnik Damian Pawłowski
8%
Nie znaleziono quizów pasujących do podanych kryteriów
Rozkład punktacji
Procent ludzi z każdym wynikiem
Percentyl według liczby udzielonych odpowiedzi
Twoja historia wyników
Nie rozwiązałeś tego quizu